Los suelos del páramo / (Registro nro. 19744)

Detalles MARC
000 -CABECERA
Campo de control 00848nam a22002657a 4500
005 - FECHA Y HORA DE LA ULTIMA TRANSACCION
Campo de control 20170818091948.0
008 - ELEMENTOS DE LONGITUD FIJA—INFORMACION GENERAL
Campo de control 141107s2000 ec a gr 00010 spa d
020 ## - ISBN
ISBN 9978045910
022 ## - ISSN
ISSN 13901222
040 ## - FUENTE DE CATALOGACIÓN
Agencia catalogadora original CO-BoIAVH
Agencia transcriptora CO-BoIAVH
041 ## - IDIOMA
Código de idioma para texto/pista de sonido o título separado Español
044 ## - PAÍS DE PUBLICACIÓN
País de publicación Ecuador
082 04 - NUMERO DE CLASIFICACION DECIMAL DEWEY
Número de clasificación 577.38
Número del ítem P5
245 00 - MENCION DE TITULO
Título Los suelos del páramo /
Mención de responsabilidad editado por Galo Medina, Carmen Josse y Patricio Mena
260 3# - PUBLICACION, DISTRIBUCION, ETC. (PIE DE IMPRENTA)
Lugar de publicación, distribución, etc. Quito :
Nombre del editor, distribuidor, etc. Ediciones Abya-Yala,
Fecha de publicación, distribución, etc. 2000.
300 ## - DESCRIPCION FISICA
Extensión 75 páginas :
Dimensiones 21 cm.
490 ## - MENCION DE SERIE
Mención de serie Páramo
Designación numérica/secuencial del volumen 5
650 #6 - ASIENTO SECUNDARIO DE MATERIA - TERMINO TEMATICO
Término temático o nombre geográfico como elemento de entrada Páramos.
Subdivisión general erosión
9 (RLIN) 83271
650 #6 - ASIENTO SECUNDARIO DE MATERIA - TERMINO TEMATICO
Término temático o nombre geográfico como elemento de entrada Comunidades
Subdivisión general Sobrepastoreo
Subdivisión geográfica Ecuador.
9 (RLIN) 83272
700 1# - ASIENTO SECUNDARIO - NOMBRE PERSONAL
Nombre personal Medina, Galo
Término de relación editor
9 (RLIN) 13261
700 1# - ASIENTO SECUNDARIO - NOMBRE PERSONAL
Nombre personal Josse, Carmen
Término de relación editora
9 (RLIN) 14920
700 1# - ASIENTO SECUNDARIO - NOMBRE PERSONAL
Nombre personal Mena, Patricio
Término de relación editor
9 (RLIN) 28020
710 2# - ASIENTO SECUNDARIO - NOMBRE CORPORATIVO
Nombre corporativo o de jurisdicción como elemento de entrada Grupo de Trabajo en Páramos del Ecuador (GTP)
9 (RLIN) 9447
942 ## - ELEMENTOS ADICIONALES (KOHA)
Sistema de clasificación Dewey Decimal Classification
Tipo de ítem Libro
Existencias
Withdrawn status Lost status Sistema de Clasificación Volumen Damaged status No para préstamo Colección Inventariado Ubicación Permanente Ubicación actual Fecha de adquisición Fuente de Valor Valor Total Checkouts Número topográfico Inventario / Código de Barras Date last seen Ejemplar Price effective from Forma de adquisición Tipo de material
    Dewey Decimal Classification 5     General Inventariado 2017 Bogotá Bogotá 18/08/2017 Instituto 39000.00   LB-577.38 P5 008467 18/08/2017 Ej. 1 18/08/2017 Canje Libro